000 00676nam a2200241Ia 4500
003 OSt
005 20221005050117.0
006 a|||||r|||| 00| 0
007 ta
008 221004b |||||||| |||| 00| 0 ben d
024 _a16148
037 _bGift, 10/02/2015,
_cTextual
040 _aCRL
_cCRL
_bben
041 _2ben
_aben
082 _aO157v, P4
100 _aAcharyya Debes Kumar
_9593866
245 0 _aBangla sahityer itihas
260 _aKolkata
_bUnited Book Agency India
_c2004
300 _a565p.
_ccm.
650 _aBENGALI LITERATURE
942 _hO157v, P4
_cTEXL
_2cc
999 _c956304
_d956304